Statistics for New Orleans Pelicans 2017-18 Roster

Click here to take the quiz!

General Stats

  • This quiz has been taken 69 times
    (64 since last reset)
  • The average score is 9 of 19

Answer Stats

Nbr Post Player % Correct
23Forward-CenterAnthony Davis
100%
11GuardJrue Holiday
89%
0ForwardDeMarcus Cousins
85%
9GuardRajon Rondo
77%
55GuardE'Twaun Moore
77%
-Head CoachAlvin Gentry
57%
21ForwardDarius Miller
55%
42CenterAlexis Ajinca
49%
44ForwardSolomon Hill
47%
15GuardFrank Jackson
47%
3CenterOmer Asik
43%
2GuardIan Clark
40%
13ForwardCheick Diallo
38%
33ForwardDante Cunningham
36%
24Guard-ForwardTony Allen
23%
5ForwardJosh Smith
23%
12ForwardJalen Jones
21%
4GuardCharles Cooke
17%
14GuardJameer Nelson
15%

Score Distribution

Percentile by Number Answered

Percent of People with Each Score

Your Score History

You have not taken this quiz since the last reset